|
|
|
|
| LEADER |
00000nam a2200000 a 4500 |
| 001 |
vtls001106238 |
| 003 |
SK-MaSNL |
| 005 |
20260301193904.0 |
| 008 |
250414s1977 xo 0 slo |
| 015 |
|
|
|a SNBA1977
|
| 035 |
|
|
|a SNK000049080
|
| 040 |
|
|
|a SNK
|b slo
|c SNK
|e AACR2
|
| 041 |
0 |
|
|a slo
|
| 044 |
|
|
|a xo
|c SK
|
| 080 |
|
|
|a 636/638.1(075.3)
|2 1981
|
| 080 |
|
|
|a 377.35
|2 1981
|
| 080 |
|
|
|a 373.68
|2 1981
|
| 100 |
1 |
|
|a Burda, František
|4 aut
|9 197600
|
| 245 |
1 |
0 |
|a Technológia živočíšnej výroby
|c František BURDA ; František Burda, Marta Virčíková, Zuzana Jakabová, Přemysl Pospíšil, Miroslav Rada, Ivan Urbánek
|
| 250 |
|
|
|a 1. vyd.
|
| 260 |
|
|
|a Bratislava
|b Príroda
|c 1977
|e Banská Bystrica
|f Tlačiarne SNP
|
| 300 |
|
|
|a 519 s., 39,74 AH
|b Tb. Fot. Sch.
|c 25 cm
|
| 366 |
|
|
|e 2000 výtl.
|
| 490 |
0 |
|
|a Organizátor poĺnohospodárskej veĺkovýroby
|
| 500 |
|
|
|a Séria: Živočíšna výroba. Reg.
|
| 700 |
1 |
|
|a Burda, František
|4 aut
|9 197600
|
| 700 |
1 |
|
|a Virčíková, Marta
|4 trl
|9 10797
|
| 700 |
1 |
|
|a Jakabová, Zuzana
|4 bkd
|9 277042
|
| 700 |
1 |
|
|a Pospíšil, Přemysl
|4 bkd
|9 279349
|
| 700 |
1 |
|
|a Rada, Miroslav
|4 bkd
|9 279350
|
| 700 |
1 |
|
|a Urbánek, Ivan
|4 bkd
|9 363081
|
| 852 |
|
|
|a Slovenská národná knižnica
|
| 954 |
|
|
|a zvieratá hospodárske
|a anatómia zvierat hospodárskych
|a fyziológia zvierat hospodárskych
|
| 954 |
|
|
|a výroba živočíšna
|a chov zvierat hospodárskych
|
| 958 |
|
|
|a OND
|
| 958 |
|
|
|a UC
|
| 958 |
|
|
|a TL
|
| 958 |
|
|
|a OP
|
| 999 |
|
|
|c 879549
|d 881479
|
| 952 |
|
|
|a SNK
|b SNK
|y VYP
|7 0
|p 17A1022105
|o snkSC 41751 D1
|i snkKSP 4621/77
|0 0
|1 0
|4 0
|d 2014-07-10
|l 0
|r 2026-02-24 06:11:50
|w 2026-02-24
|